| 000 | 00612nam a2200181 u 4500 | ||
|---|---|---|---|
| 001 | 000540342 | ||
| 003 | AM-YeHGA | ||
| 005 | 20250617135529.0 | ||
| 008 | 070608s1975 ||| r 000 0 rus d | ||
| 040 | _aAM-YeHGA | ||
| 041 | 1 | _arus | |
| 100 | 1 | _aКолумб, Валентин Христофорович | |
| 245 | 1 | 0 |
_aГорячий след : _bСтихи и поэмы : Пер. с марийск. / _cВалентин Колумб. |
| 260 |
_aМосква : _bСовременник, _c1975. |
||
| 300 |
_a174 с. : _bил., портр. |
||
| 653 | 0 | _aМарийская поэзия | |
| 090 | _c203753 | ||
| 999 |
_c202262 _d202262 |
||